| 000 | 00847nam a22001817a 4500 | ||
|---|---|---|---|
| 999 |
_c63367 _d63367 |
||
| 003 | Ge_BSU | ||
| 005 | 20250925164010.0 | ||
| 008 | 250925s1975 ge ||||| |||| 00| 0 geo d | ||
| 041 | _ageo | ||
| 080 | _a330.1(075.8) პ-56 | ||
| 245 |
_aპოლიტიკური ეკონომია : _bკომუნისტურამდელი წარმოების წესები / _cრედ.: ნ. ტყეშელაშვილი. |
||
| 264 |
_aთბ. : _b განათლება, _c1975. |
||
| 300 |
_a621 გვ. ; _b22 სმ. |
||
| 653 | _aპოლიტიკური ეკონომია. | ||
| 653 | _aკომუნისტური წარმოების წესი | ||
| 700 |
_aტყეშელაშვილი, ნ. _eრედაქტორი _925881 |
||
| 942 |
_2udc _cᲬᲘᲒᲜᲘ |
||